[Event "EtVas Vantaa GM"]
[Site "Myyrmanni"]
[Date "1999.07.22"]
[Round "3"]
[White "Salmensuu, Olli"]
[Black "Gdanski, Jacek"]
[Result "0-1"]
[WhiteElo "2443"]
[BlackElo "2512"]
[Annotator "Psakhis,L"]
[PlyCount "52"]
[EventDate "1999.07.20"]
[EventType "tourn"]
[EventRounds "9"]
[EventCountry "FIN"]
[EventCategory "8"]
[SourceTitle "CBM 072"]
[Source "ChessBase"]
[SourceDate "1999.10.01"]
[SourceVersion "1"]
[SourceVersionDate "1999.10.01"]
[SourceQuality "1"]

1. e4 e6 2. d4 d5 3. Nd2 Be7 {Very fashionable move in modern practice, mostly
thanks to efforts of Morozevich and Romanishin} 4. c3 (4. Ngf3 $5) 4... c5 5.
dxc5 (5. exd5 Qxd5 6. dxc5 Qxc5 7. Ne4 Qc6 8. Bd3 Nd7 9. Nf3 Ngf6 10. Qe2 Nxe4
11. Bxe4 Qc7 12. O-O O-O 13. a4 Nf6 14. Bc2 b6 15. Bg5 Bb7 $11 {1/2-1/2
Dvoirys,S-Morozevich,A/Samara 1998 (27)}) 5... Bxc5 6. Nb3 Bb6 7. exd5 exd5 8.
Nf3 Nc6 9. Bb5 (9. Bd3 $5) 9... Nge7 10. O-O O-O 11. Re1 Nf5 12. Qc2 {Rather
rare move} (12. Be2 h6 13. Nfd4 Qf6 14. Nxf5 Bxf5 15. Bf3 Rfe8 16. Bf4 Be4 17.
Be3 Bxf3 18. Qxf3 Qxf3 19. gxf3 Ne5 $15 {0-1 Holzhaeuer,M-Strikovic,A/
Cattolica op 1989 (28)}) (12. Bxc6 bxc6 13. Bg5 Qd6 14. Nbd4 f6 15. Nxf5 Bxf5
16. Bh4 c5 17. Qa4 Bd7 $14 {0-1 Thorgersen,T-Dannevig,O/NOR t-ch 1997 (41)}) ({
As usual White tryed} 12. Bd3 $5 {and after , for example} h6 13. Bc2 Qd6 14.
Bxf5 Bxf5 15. Be3 Bg4 16. Bxb6 axb6 17. h3 $14 {White manage to keep very
small, but stable advantage,1/2-1/2 Tiviakov,S-Lautier,J/Groningen 1995 (29)})
12... h6 $146 ({And after} 12... Nh4 {Black has nothing to worry about-} 13.
Nxh4 Qxh4 14. Be3 Bc7 15. g3 Qh5 16. Be2 Bg4 17. Bd4 Rfe8 18. Bxg4 Qxg4 $11 {
Kerkhof,P-Vaiser,A/Oostende op 1992/0-1 (48)}) 13. Bf4 Qf6 14. Ne5 $6 {Too
optimistic move} (14. Qd2 $5 g5 15. Be5 Nxe5 16. Nxe5 Nd6 $132) 14... Nd6 $1 {
[%cal Gd6e4]} 15. Nxc6 (15. Bxc6 bxc6 16. Bg3 Bf5 $36) 15... bxc6 16. Be5 (16.
Bxd6 $5 Qxd6 17. Bd3 $11 {[%cal Gd3f5]}) 16... Bf5 $1 17. Qe2 ({Doesn,t look
too promising for white and} 17. Bxf6 Bxc2 18. Bxc6 Rac8 19. Bxg7 Kxg7 20. Bxd5
Rfd8 $15 {[%csl Gb6,Gd6]}) 17... Qg6 18. Bxc6 Ne4 (18... Be4 19. Bg3 Rad8 20.
Nd2) 19. Bxd5 $6 {Greedy move, good or bad, but white must continue} (19. Bxa8
$142 $1 Bxf2+ (19... Nxf2 $2 20. Nd4 $18) (19... Bg4 20. Qxe4 $5 dxe4 21. Bxe4
Qh5 22. h3 $14) 20. Kh1 (20. Kf1 $6 Bh3 $3 21. Qf3 (21. Bg3 Bxg2+ $1 22. Kxg2
Nxg3 $17) 21... Bg4 $1 {[%csl Rf3]} 22. Qd3 Ng3+ 23. Kxf2 Qxd3 24. Bc6 Ne4+ $17
) 20... Bxe1 21. Rxe1 Rxa8 22. Bf4 $5 (22. Nd4 Re8 $36) 22... Re8 23. Be3 $15 {
with just small advantage for black}) 19... Bxf2+ 20. Kf1 $2 {[%mdl 8192]
Decisive mistake,} (20. Kh1 {was only move, but any case black,s initiative is
very dangerouse after} Bxe1 (20... Rae8 $6 21. Bxe4 Rxe5 22. Qxf2 Bxe4 23. Nd2
Rf5 $44) 21. Bxa8 (21. Bxe4 Bxe4 22. Rxe1 Rae8 $5 23. Qxe4 Qxe4 24. Rxe4 f6 $17
) 21... Nf2+ $5 22. Kg1 Nd3 $36) 20... Bxe1 21. Bxa8 Ng3+ $1 $19 {Surely
Salmensuu forgot about this move, when he played 19.Bxd5.} 22. Bxg3 Bd3 23.
Rxe1 Rxa8 24. a4 Re8 25. Nd4 Bxe2+ 26. Nxe2 Qc2 0-1

[Event "FRA-chT Top 16 GpB"]
[Site "Port Barcares"]
[Date "2005.05.04"]
[Round "8"]
[White "Adams, Michael"]
[Black "Jussupow, Artur"]
[Result "1-0"]
[WhiteElo "2737"]
[BlackElo "2601"]
[Annotator "Psakhis,L"]
[PlyCount "63"]
[EventDate "2005.05.04"]
[EventType "team"]
[EventRounds "11"]
[EventCountry "FRA"]
[SourceTitle "CBM 107"]
[Source "ChessBase"]
[SourceDate "2005.08.01"]
[SourceVersion "1"]
[SourceVersionDate "2005.08.01"]
[SourceQuality "1"]

1. e4 e6 2. d4 d5 3. Nd2 c5 4. exd5 exd5 5. Ngf3 Nc6 6. Bb5 Bd6 7. dxc5 Bxc5 8.
O-O Nge7 9. Nb3 Bd6 10. Re1 O-O 11. Bd3 h6 (11... Nf5 $5) (11... Ng6 $6 12. Bg5
$1 {N} (12. c3 Bg4) 12... Qd7 (12... f6 $2 13. Bxg6 $16) (12... Qc7 13. Bxg6
hxg6 14. Qxd5 Nb4 15. Qd2 Nxc2 16. Rec1 Bf5 17. Nbd4 Nxd4 $8 18. Rxc7 Nxf3+ 19.
gxf3 Bxc7 20. Qb4 $1 $16 {Akopian,V}) 13. c3 Nf4 (13... Nge5 14. Nxe5 Nxe5 15.
Bc2 Nc4 16. Qd3 $14) 14. Bf1 (14. Bc2 Nxg2 $1 15. Kxg2 Qh3+ {/\ Bg4->>>}) 14...
Qf5 15. Bh4 Qh5 16. Bg3 Bg4 17. Qd2 Qh6 (17... Nxg2 $2 18. Bxd6 Nxe1 19. Nxe1)
18. Nfd4 $16 {+/- Akopian,V-Vladimirov,E/Moskva (GMA) 1990}) 12. h3 Nf5 (12...
Bf5 13. Be3 Re8 14. c3 $14 Bxd3 (14... Be4 15. Bc5 $14) 15. Qxd3 Qd7 16. Bc5
Ng6 {In this kind of structure the knight is often misplaced here} 17. Bxd6
Qxd6 18. Re3 Nce5 {In a struggle to dominate on the e file black voluntarily
exchanges several pieces.} (18... Nf4 19. Qd2 Re6 {had to be preferred.}) 19.
Nxe5 Rxe5 20. Rxe5 (20. Qd4 $5) 20... Qxe5 21. Rd1 $36 {1-0 Hansen,C-Andersson,
U/Helsingor Jub 1999/CBM 74/[Kortschnoj] (40)}) 13. c3 Qf6 $5 (13... Bc7 14.
Bc2 Qd6 15. Qd3 g6 16. Qd1 $146 {Interesting novelty in well known position.
Before White tried or sharp} (16. g4 Bb6 $1 (16... Qf6 17. Bd1 Nh4 18. Bxh6 $16
) 17. Kg2 (17. Nfd4 Nfxd4 18. Nxd4 Kg7 $11 (18... Nxd4 19. cxd4 Kg7 20. Re5 Be6
$140 21. Bf4 Rac8 22. Rg5 Qxf4 23. Rxg6+ Kh8 24. Rg8+ $18) (18... Bxd4 19. cxd4
Kg7 20. Qe3 Rh8 21. Qf4 Qxf4 22. Bxf4 $14) 19. Qe3 Rh8 20. Qf4 Qxf4 21. Bxf4
Bd7) 17... Bxf2 18. Kxf2 Qg3+ 19. Ke2 Qxh3 $1 (19... Nh4 $1 20. Qe3 $2 (20.
Nxh4 $142 $1 Re8+ 21. Be3 Ne5 (21... Qxh4 22. Kd2 Ne5 23. Bd4 Qg5+ 24. Be3 (24.
Kd1 Bxg4+ 25. hxg4 Nxd3 26. Rxe8+ Rxe8 27. Bxd3 $13)) 22. Qxd5 $13) 20... Bxg4
(20... Bd7) (20... Nxf3 21. Qxf3 Bxg4 22. hxg4 Rae8+ 23. Be3 Rxe3+ 24. Kxe3
Re8+ 25. Kd2) 21. hxg4 Rae8 22. Nxh4 Qxh4 (22... Rxe3+ 23. Bxe3 Re8 24. Kd2 Ne5
25. Bd3 $13) 23. Kd2 {1/2-1/2 Akopian,V-Jussupow,A/Baden-Baden tt (Yusupov)
1996/ChessBase (31)}) (19... d4 $2 20. Rg1 $1 Re8+ 21. Kd1 Qf2 22. Qf1 $1 $18 {
+- Yudasin,L-Moskalenko,V/Norilsk 44/(338) 1987}) (19... Nd6 $5 20. Nh4 Re8+
21. Be3 $8 Ne5 22. Qxd5 Qxh3 $44) 20. gxf5 Bxf5 21. Qxf5 gxf5 22. Rg1+ (22. Kf2
$142) 22... Kh8 23. Bxh6 Rg8 24. Bg5 Rae8+ 25. Kf2 Rxg5 26. Rxg5 Ne5 $17 {
0-1 Kuthan,A-Eingorn,V/Oberwart op 1996 (29)}) ({or} 16. Qd2 $5 h5 17. Bxf5
Bxf5 18. Qh6 Rfe8 (18... Be4 19. Nbd2 $1 f5 20. g3 Rf6 21. Nxe4 fxe4 22. Nh4
Ne5 $13 {Tolnai,T-Schmittdiel,E/Dortmund-A 1989 (40)}) 19. Be3 Be4 (19... Qf8
20. Qxf8+ Kxf8 21. Rad1 Rad8 (21... Be6 22. Nc5 b6 23. Nxe6+ fxe6 24. c4 $1 $16
) 22. Rxd5 {'!'} Rxd5 23. Bh6+ Kg8 24. Rxe8+ Kh7 25. Bd2 $16 {Smagin,S-Lalic,B/
Sotchi 1987/ 1-0 (45)}) (19... f6 20. Nbd4 Nxd4 21. Bxd4 $16) 20. Nbd2 Qf8 21.
Qxf8+ Kxf8 22. Nd4 Bb6 23. Bh6+ Kg8 24. Nxc6 bxc6 25. Nxe4 dxe4 26. Rad1 Rad8
$11 {1/2-1/2 Sermek,D-Lputian,S/Montecatini Terme op 1999 (40) but in both
cases black equalized chanses.}) (16. Nbd2 $6 Rd8 $1 17. a3 $6 {/\ 18.Nf1 d4
19.c4!} (17. Nf1 d4 18. g4 dxc3 19. Qxd6 Nxd6 $15) (17. g4 Nh4 18. Nf1 Nxf3+
19. Qxf3 Ne5 $15 {><f3}) 17... Nh4 $1 $17 {Luecke,N-Kindermann,S/Biel (op) 52/
270 1991 (32) /\ Bf5}) 16... h5 ({In the case of} 16... Kg7 17. Qd2 $5 {
works much better -} Rh8 18. Rd1 {[%csl Rd5]}) 17. Bg5 Bd7 (17... f6 18. Be3 {
[%csl Gc2,Rg6,Rh5][%cal Re3c5]}) 18. Qd2 Rae8 19. Rad1 Rxe1+ (19... f6 $5 20.
Bxf5 (20. Be3 Ne5 21. Nxe5 Rxe5 (21... Qxe5 22. Qxd5+ Qxd5 23. Rxd5 Bc6 24.
Rxf5 (24. Rd2 Nh4) 24... gxf5 25. Bxf5 $36) 22. Bxf5 Bxf5 23. Nd4 $14) 20...
Bxf5 21. Bh4) 20. Rxe1 f6 21. Bxf5 Bxf5 22. Bh4 $14 {[%cal Gh4g3] 1-0 Motylev,
A-Roghani,A/WchT Yerevan 2001/CBM 86/[Psakhis] (47) If White will manage to
exchange dark coloured bishops his advantage will be obvious.}) 14. Bc2 (14.
Bd2 Bd7 15. Bf1 Rad8 16. g3 Bc7 17. Nc5 Bc8 18. Nd3 Bb6 19. Kg2 Nd6 $11 {
Kholmov,R-Rasik,V/Brno B 1991/0-1 (61)}) 14... Rd8 (14... Be6 15. Qd3 g6 16.
Bd2 (16. g4 $5 Bd7 17. Qd2 Ng7 18. Qxd5 Nb4 19. cxb4 Bc6 20. g5 $1 hxg5 21.
Bxg5 Bxd5 22. Bxf6 Bxf3 23. Nd4 Bd5 24. a3 $16 {Lobjanidze,N-Mkrtchian,L/
Erevan op 1996/1-0 (62)}) 16... Rfe8 17. Re2 Bf8 (17... Rad8 18. Rae1 Bf8 19.
Be3 Nxe3 20. Rxe3 Bf5 21. Qd1 Rxe3 22. Rxe3 Bc8 23. Nbd4 Bc5 24. Bb3 Kg7 25.
Rd3 Bb6 26. Nc2 Be6 {1/2-1/2 Schlosser,P-Fish,G/BL 0405 2004 (51)}) 18. Rae1
Nd6 19. Nbd4 Bd7 20. Bb3 Nxd4 21. Nxd4 Rxe2 22. Rxe2 Bc6 23. Be3 a5 24. a4 Rb8
25. Nb5 Nc4 {1/2-1/2 Chernyshov,K-Uhlmann,W/Dresden op 1995/ChessBase (35)})
15. Qd3 g6 (15... Bf8 $6 $146 16. Bf4 {[%csl Gf4][%cal Gf3e5]} g6 17. Bc7 $5
Rd7 18. Bh2 Rd8 19. Rad1 Be6 20. Ne5 {[%cal Gd3b5,Ge5g4]} Nfe7 21. Ng4 {
White keeps better chances and after} (21. Qb5 $5 {or}) (21. Nc5 Bc8 (21... Bf5
22. Qf3 Nxe5 23. Bxe5 Qc6 24. Bxf5 Nxf5 25. Nb3 $14 {[%csl Gd1,Gd4,Rd5,Ge1,Ge5]
})) 21... Qh8 {[%csl Rh8] Bad square for the queen, but} (21... Bxg4 22. hxg4 {
[%csl Gc2,Gh2] leads to white,s favour}) 22. Qf3 Bg7 {[%cal Gd5d4]} 23. Nc5
Bxg4 24. hxg4 (24. Qxg4 $5 b6 $140 25. Nb7) 24... b6 25. Na6 {[%cal Ga6c7,
Gc7d5]} ({Deserves attention} 25. Nb7 $5 Rd7 26. Nd6 $36 {[%csl Gd6] with
initiative.}) 25... Rac8 26. Bb3 Be5 {0-1 Zagrebelny,S-Uhlmann,W/Schwerin 1999/
CBM 73/[Psakhis,L] (57)}) 16. Qd2 (16. Bd2 a5 17. a4 b6 18. Qe2 (18. Be3 Ba6
19. Qd2 Nxe3 20. Qxe3 Kg7 21. Bd3 Re8 22. Qd2 Bc4 23. Nbd4 Nxd4 24. Nxd4 Bc5
$11 {1/2-1/2 Rublevsky,S-Dolmatov,S/RUS-ch St.Peterburg 1998 (48)}) 18... Ba6
19. Bd3 Bxd3 20. Qxd3 Ne5 21. Nxe5 Bxe5 22. Qf3 d4 $1 $11 {1/2-1/2 Psakhis,
L-Lputian,S/Rostov 1993 (32)}) 16... Bf8 17. Qf4 (17. Nh2 Qg7 $1 18. Ng4 d4 $1
$146 (18... h5 19. Ne3 Nfe7 20. Qe2 Qf6 21. Bd2 b6 22. Rad1 Be6 23. Bc1 {
1/2-1/2 Ivanov,V-Lastin,A/Russia 1994/Inf 62 (23)}) 19. Qe2 $1 {[]} (19. Bxf5
gxf5 $1 20. Nh2 (20. Nxh6+ Kh7 $19) 20... dxc3 21. Qxc3 (21. Qe2 f4 22. Kh1 Bf5
$15 {|^}) 21... Qxc3 22. bxc3 Bg7 $15 {|^}) 19... h5 (19... g5 20. Qf3 Nh4 21.
Qg3 $13) (19... dxc3 20. bxc3 $13) 20. Bxf5 hxg4 21. Bxg4 dxc3 22. bxc3 Qxc3
23. Bg5 Bxg4 24. Qxg4 (24. hxg4 Rd5 $15) 24... Re8 25. Red1 $13 {<=> Ivanov,
V-Ulko,J/Moscow 1998}) (17. Qe2 Nd6 $1) 17... Bg7 18. Bd2 $146 {This obvious
move is definitely better than the previously played} (18. Qc7 $2 Nd6 19. Nc5
Bxh3 20. gxh3 Qxf3 21. Re3 Qh5 22. Nd7 Nf5 23. Bxf5 Qxf5 24. Nc5 d4 25. cxd4
Nxd4 26. Ne4 Nf3+ 27. Kg2 Nh4+ 28. Kf1 Qb5+ {0-1 Asrian,K-Lputian,S/ARM-ch
Yerevan 1995/ChessBase/[Knaak] (28)}) ({or} 18. h4 Qd6 19. Bd2 Be6 20. Rad1
Qxf4 21. Bxf4 d4 22. Bxf5 Bxb3 23. axb3 gxf5 24. Nxd4 Nxd4 25. cxd4 Bxd4 26.
Bxh6 Bxb2 27. Rxd8+ Rxd8 28. Re7 Rd1+ 29. Kh2 Bd4 30. Be3 Bxe3 31. fxe3 Rd3 32.
Rxb7 Rxe3 33. Rxa7 {1/2-1/2 Adams,M-Lputian,S/ARM-ROW Match Moscow 2004/
ChessBase (33)}) (18. Be3 g5 19. Qa4 Nd6 20. Nbd4 Nc4 21. b3 Nxe3 22. Rxe3 Bd7
23. Nxc6 Qxc6 24. Qxc6 bxc6 25. Ne5 c5 26. Nxd7 Rxd7 27. Rae1 {1/2-1/2 Van
Perlo,G-Ugge,A/corr World-ch 1999/ICCF tele 1/2002 (27)}) 18... g5 (18... Be6
19. Nc5 Bc8 (19... b6 20. Nxe6 fxe6 21. Nh2 $5 e5 22. Qa4 $14)) 19. Qh2 {
[%csl Rh2]} (19. Qa4 Nd6 {[%cal Gc8h3]}) 19... b6 $6 ({It is strange that
Jussupow did not make natural move} 19... Bf8 $142 $5 $13 {[%cal Gf8d6]}) 20.
Rad1 Ba6 (20... Bf8 $5 21. Ne5 $5 Bd6 22. f4 $36) 21. Bxf5 $1 {[%csl Gd4] The
most ambitious and principal continuation.} Qxf5 22. Be3 {[%cal Gb3d4] White
has a better pawn structure and well-placed pieces, which prevent any possible
counter-play from Black.} Bc4 (22... Rac8 23. Nbd4 Qg6 24. Nxc6 Qxc6 25. Bd4
$16) 23. Nbd4 Bxd4 ({Perhaps Black should have considered} 23... Nxd4 $5 24.
Bxd4 f6 {but white chances will be highrt any case}) 24. Nxd4 Nxd4 25. Bxd4 Re8
(25... Bxa2 26. g4 Qg6 (26... Qf4 27. Qxf4 gxf4 28. Ra1 Bc4 29. Kg2 $16) 27.
Re7 $16) 26. Qc7 $1 {White's advantage can be seen with the naked eye.} Bxa2 $2
{Arthur Jussupov doesn't feel the danger, bishop can not contribute to the
defence from the so remote location.} (26... Be2 $8 27. Rc1 $16) 27. Qc6 $1 $18
{A very strong answer, which was certainly overlooked by Black.} Rf8 (27...
Rxe1+ 28. Rxe1 Rf8 29. Re8 $1 f6 30. Rxf8+ Kxf8 31. Qa8+ $18) 28. Qxh6 f6 (
28... Qh7 29. Qxg5+ Qg6 30. Qh4 Qh7 31. Qf6) 29. Re7 Rf7 30. Rde1 Raf8 $8 31.
Rxf7 Kxf7 32. g4 (32. g4 Qg6 33. Re7+) 1-0

[Event "Skelleftea m"]
[Site "Skelleftea"]
[Date "2001.04.15"]
[Round "5"]
[White "Hansen, Curt"]
[Black "Andersson, Ulf"]
[Result "1-0"]
[WhiteElo "2619"]
[BlackElo "2640"]
[Annotator "Psakhis,L"]
[PlyCount "95"]
[EventDate "2001.04.10"]
[EventType "match"]
[EventRounds "6"]
[EventCountry "SWE"]
[SourceTitle "CBM 083"]
[Source "ChessBase"]
[SourceDate "2001.07.05"]
[SourceVersion "1"]
[SourceVersionDate "2001.07.05"]
[SourceQuality "1"]

1. e4 e6 2. d4 d5 3. Nd2 c5 4. exd5 exd5 5. Ngf3 Nc6 6. Bb5 Bd6 7. dxc5 Bxc5 8.
O-O Nge7 9. Nb3 Bd6 10. Re1 O-O 11. Bg5 Qc7 ({More popular in this position} 
11... Bg4 $5) 12. h3 (12. c3 Bg4 13. h3 Bh5 14. Be2 Bg6 15. Nbd4 a6 16. Bd3
Rfe8 17. Bxg6 hxg6 18. Qd3 Qb6 19. Nb3 Qc7 20. Rad1 Rad8 21. Nbd4 Ne5 22. Nxe5
Bxe5 23. Nf3 Bf6 24. Re2 $14 {1-0 Ivanchuk,V-Ljubojevic,L/Amber rapid 1996 (69)
}) 12... h6 ({Worth considering} 12... Bf5 13. Nbd4 Bg6 {for example} 14. Bd3
a6 15. Bxg6 hxg6 16. c3 Rfe8 17. Qd2 Na5 18. Re2 Nc4 19. Qc2 Nc6 20. Rae1 Qd7
21. Bc1 {1/2-1/2 Tischbierek,R-Jussupow,A/GER-ch Bremen 1998 (21)}) 13. Bxe7 $5
Nxe7 14. Bd3 a6 15. c3 Bd7 16. Nbd4 {[%csl Gd4] I think that White got small,
but real advantage, thanks to active pieces and absolute control on d4 square.}
g6 $146 (16... Rfe8 17. Bc2 Rad8 18. Qd3 g6 19. Bb3 Kg7 20. Re2 Qb6 21. Rae1
$36 {1-0 Short,N-Houston,D/BCF-ch Morecambe 1981 (27)}) 17. Qc2 Rae8 18. Re3
Kg7 19. Rae1 $36 {[%csl Gd4][%cal Ge3e8,Gf3e5]} Qb6 20. Ne5 $1 {Playing quite
naturally White has reached a particularly good position.} Bxe5 21. Rxe5 Nc6
22. Nxc6 Bxc6 23. a3 d4 {It's very understandable,that Andersson wants
exchange weak pawn, but open character of the position in combination with
active white's pieces and not too secure position of black's king, strongly
favour white's chances.} (23... Rxe5 24. Rxe5 Re8 25. Qe2) (23... Qc7 $5 24.
Rxe8 (24. Qe2 Qxe5 25. Qxe5+ Rxe5 26. Rxe5 Kf6) 24... Rxe8 25. Rxe8 Bxe8 $14)
24. b4 $1 Rxe5 25. Rxe5 dxc3 (25... Rd8 26. c4 $1) 26. Qxc3 Kg8 27. Bc4 {
[%csl Gc3,Gc4,Ge5,Rg8]} Re8 28. Qg3 {[%cal Rg3g6]} Bb5 {What else} (28... Rxe5
$2 29. Qxg6+ Kh8 30. Qf6+ $18 {lose immediately.}) 29. Bd5 Rxe5 $8 30. Qxe5 {
[%cal Re5e7][%mdl 4096]} Qd8 31. Bxb7 Qd1+ 32. Kh2 Qd2 33. Qe3 {Black's
position is very difficult and even so great master of endings as Ulf
Andersson can't save it.} (33. Qf6 $5) 33... Qd6+ (33... Qxe3 34. fxe3 g5) 34.
g3 g5 35. Bf3 Kg7 36. Kg2 Qf6 37. Kh2 (37. Be2 Bc6+) 37... Bc6 (37... Qd6 $142
$5) 38. Bxc6 Qxc6 39. Qd4+ f6 40. Qd3 h5 41. Qd1 {[%cal Ga3a4]} Kg6 (41... Qc3
$142 $5 42. Qd7+ (42. Qxh5 Qxa3) 42... Kg6 {with some chances for survival.})
42. a4 $1 Kh6 43. Qb3 $18 h4 44. gxh4 gxh4 45. b5 axb5 46. axb5 Qc7+ (46... Qb7
47. b6) 47. Kg2 Qg7+ 48. Kf1 1-0

[Event "Moscow Aeroflot op-A"]
[Site "Moscow"]
[Date "2004.02.23"]
[Round "7"]
[White "Vorobiov, Evgeny E"]
[Black "Vaganian, Rafael A"]
[Result "0-1"]
[WhiteElo "2544"]
[BlackElo "2623"]
[Annotator "Psakhis,L"]
[PlyCount "81"]
[EventDate "2004.02.17"]
[EventType "swiss"]
[EventRounds "9"]
[EventCountry "RUS"]
[SourceTitle "CBM 100"]
[Source "ChessBase"]
[SourceDate "2004.06.01"]
[SourceVersion "1"]
[SourceVersionDate "2004.06.01"]
[SourceQuality "1"]

1. e4 e6 2. d4 d5 3. Nd2 c5 4. Ngf3 Nc6 5. exd5 Bd6 6. Bb5 exd5 7. dxc5 Bxc5 8.
O-O Nge7 9. Nb3 Bd6 (9... Bb6 10. Re1 O-O 11. Be3 $14) 10. Bg5 (10. Re1 $5 O-O
11. Bd3 {[%cal Gh2h3]}) 10... O-O 11. Re1 Bg4 12. Bh4 Qc7 (12... Re8 13. Bg3
Bxg3 14. hxg3 Qb6 15. a4 $1 h6 16. Qd2 a6 17. Bxc6 Qxc6 18. Ne5 Qc8 19. Nd4 Be6
20. Ra3 $36 {1-0 Ye Jiangchuan-Sadvakasov,D/Asian t-ch Jodhpur 2003/(35)}) 13.
Bg3 Rad8 14. Bd3 (14. c3 Ng6 15. Bxd6 Rxd6 16. h3 Bc8 17. Qd2 Rf6 18. Nbd4 Nf4
19. Bf1 a6 20. Re3 Ne6 21. Rae1 Nc5 $13 {1/2-1/2 Rechlis,G-Kortchnoi,V/
Beersheva 1987 (31)}) (14. Be2 Nf5 15. Bxd6 Qxd6 16. h3 Bxf3 17. Bxf3 Nh4 18.
c3 Qf6 19. Bg4 d4 20. Nxd4 Nxd4 21. cxd4 Rxd4 22. Qe2 Qc6 23. Qf1 Rd2 $15 {
1/2-1/2 Spasov,V-Vaganian,R/EUR-ch Istanbul 2003/The Week in Chess (41)}) 14...
Ng6 15. Bxd6 Rxd6 16. h3 Bh5 $146 (16... Bxf3 $5 17. Qxf3 Nce5 18. Qg3 Nxd3 19.
cxd3 Qb6 20. Rac1 $14 {Sadykov,R-Mabusela,J/Wch B20 Nakhchivan 2003/The Week
in Chess 451/1-0 (51)}) 17. Bxg6 ({It is very interesting, what Vaganian had
in mind, if white would continue} 17. g4 $5 {and after almost force variation}
Nf4 18. gxh5 Rh6 19. Bf1 Rxh5 20. Re3 $5 {white's chances are clearly better.})
17... Bxg6 {Black has a very solid position, but it's very difficult for him
to get active counterplay.} 18. Nfd4 Nxd4 19. Nxd4 $14 {[%csl Gd4] An optimal
place for the knight} Qb6 20. Re3 $1 {Black's position is a bit worse - white
knight is clearly stronger than black bishop and pawn d5 is quite weak.} Rc8 (
20... Qxb2 $4 21. Rb3 $18) 21. Qe2 h6 (21... Be4 22. c3 f5 $13) 22. c3 Qa6 23.
Re1 Kh7 (23... Qxa2 $2 24. Re8+ Rxe8 25. Qxe8+ Kh7 26. Qf8 $1 Rb6 27. Re8 Be4
28. Qh8+ Kg6 29. Rg8 $18) 24. a3 (24. Qxa6 $142 $5 Rxa6 25. a3 Rb6 26. R1e2 $36
) ({Another promising possibility was} 24. Qg4 $142 $5 {[%csl Gg4]}) 24... Qc4
25. Re8 $2 {Mistake! A natural development of the initiative can be achieved by
} (25. Qg4 $142 Be4 26. f3 Bg6 27. h4 $36 {with great position for White.})
25... Rxe8 26. Qxe8 Rb6 $1 {[%csl Rb2] Having obtained his chance, Vaganian
skilfully sharpens the position.} 27. Qe2 ({The lesser evil for White was
sharp move} 27. Qb8 $5 Be4 (27... Rxb2 28. Re8 Be4 29. Rh8+ Kg6 30. Qg3+ Kf6
31. Rg8 $1 $18) 28. f3 Rxb2 29. fxe4 Qxc3 30. Rd1 $132) 27... Qa2 $1 28. b3
Qxa3 29. Qe5 Rf6 $5 30. Qg3 (30. Qxd5 Qb2 31. Nf3 Qxc3 $17) 30... Qb2 31. Re7
$6 (31. Qe3 $142 $5) 31... Be4 $1 $19 {[%cal Rf6g6] Beggining of the final
attack.} 32. Qe3 ({There wasn't a rescue in} 32. f3 Qxc3 33. Qf2 Qc8) 32... Rg6
33. g4 (33. Nf3 Qb1+ 34. Kh2 Qf1 35. g4 Rf6 36. Rxe4 $8 dxe4 37. Qxe4+ g6 $19)
33... Qb1+ 34. Kh2 Qh1+ 35. Kg3 Qg1+ 36. Kf4 Rf6+ 37. Ke5 {[%csl Re5]} Rxf2 38.
Rxf7 $8 Qh2+ 39. Ke6 (39. Rf4 Rf1 {[%cal Rg7g5]}) 39... Rxf7 40. Kxf7 Qd6 41.
h4 $2 {Vorobiov slips up in a lost position.} (41. Nf5 $8 Qd7+ 42. Kf8 Bxf5 43.
gxf5 Qxf5+ $19) (41. h4 Bg6#) 0-1